Guess the Celebrity - Statistics

General Stats
  • This quiz has been taken 948 times
    938 since last reset
  • The average score is 22 of 44
Answer Stats
Hint Answer % Correct
Recently gave birth to Saint West. Kim Kardashian
92%
Interrupted by Kanye West at award ceremony. Taylor Swift
92%
Fathered Saint and North West. Kanye West
89%
Sang songs such as 'Firework', 'Cloud 9', and 'Roar'. Katy Perry
80%
Played Hermione Granger in the classic film line 'Harry Potter'. Emma Watson
77%
Starred in films such as 'Pirates of The Carribbean' and 'Charlie and The Chocolate Factory'. Johnny Depp
77%
In a back and forth song battle with Selena Gomez, sang songs such as 'Sorry' and 'What Do You Mean?'. Justin Bieber
77%
A future 2016 presidential candidate. Donald Trump
74%
Starred in 'I am Legend' and 'Men in Black'. Will Smith
72%
As of 2015, the current president of the United States of America. Barack Obama
71%
Criticized for recently abandoning the boy band 'One Direction'. Zayn Malik
71%
Wrote songs such as 'Photograph', 'The A Team', and 'Thinking Out Loud'. Ed Sheeran
69%
Singer of the songs 'Hotline Bling' and '0 to 100'. Drake
67%
Main founder of Apple. Steve Jobs
67%
Sang songs such as 'Good For You', 'The Heart Wants What it Wants', and 'Same Old Love'. Also starred in the Disney Channel TV show 'Wizards of Waverly Place'. Selena Gomez
66%
Lead singer of 'Maroon 5', sang alongside Christina Aguilera. Adam Levine
65%
Played Forrest Gump himself in the movie 'Forrest Gump'. Tom Hanks
65%
Recently underwent a sex change operation to become a woman. Caitlyn Jenner
56%
Daughter of above celebrity. Willow Smith
55%
Sang songs such as 'Timber' and 'Feel This Moment'. Pitbull
54%
Star of the Disney Channel TV shows 'Kasey Undercover', and 'Shake It Up'. Zendaya
54%
Starred in such films as 'Mrs. Doubtfire' and 'Night at The Museum'. Robin Williams
52%
Classic 90's rapper, also created own line of headphones. Dr. Dre
46%
Worked occasionally with above 90's rapper, father Haley Mathers. Eminem
46%
Killed due to incorrect dosage of medication at age 50. Michael Jackson
46%
Singer of the songs 'Bang Bang' and 'Hey Mama'. Nicki Minaj
46%
Starred alongside before said actress in Disney Channel TV show 'Shake It Up', also acted in the movie 'The Duff'. Bella Thorne
41%
Starred in the hit comedy 'Two and A Half Men'. Charlie Sheen
38%
Singer of the song 'Careless Whisper'. George Michael
38%
Lead singer of classic 1960's rock band 'Rolling Stones', also sang alongside David Bowie. Mick Jagger
38%
Directed such films as 'Pulp Fiction' and 'Resevoir Dogs'. Quentin Tarantino
35%
Star of 'Anchorman' and 'Get Hard'. Will Ferrell
35%
Singer of the song 'Before he Cheats', recently starred in a live action reenactment of 'The Sound of Music'. Carrie Underwood
34%
Has granted over 500 wishes for the 'Make A Wish Foundation'. John Cena
31%
This band sang songs such as 'Shut Up and Dance'. Walk The Moon
28%
Acted in movies such as 'Get Hard'. Kevin Hart
26%
Wrote songs such as 'Some Nights' and 'Tonight'. Fun
25%
Recently became famous after the release of her hit song 'Here'. Alessia Cara
21%
Proffessional boxer, now having own Adult Swim comedy/mystery TV show. Mike Tyson
21%
Recently released an album named 'Beauty Behind The Madness'. The Weeknd
18%
Starred in films such as 'Star Wars: Episode lll' and 'Django Unchained'. Samuel L. Jackson
17%
WWE legend, recently celebrated 25th anniversary, often referred to as "The Phenom". The Undertaker
13%
Recently fired from the WWE due to recently recovered embarrassing footage. Hulk Hogan
9%
Late WWE superstar, held the motto 'Lie, cheat, and steal.'. Eddie Guerrero
8%
No matching quizzes found
Score Distribution
Percent of People with Each Score
Percentile by Number Answered
Your Score History
You have not taken this quiz since the last reset